03056cam a2200337 a 4500003000900000005001700009008004100026020001600067040003300083082002000116245006800136264003500204300005200239504002000291505051000311520169300821526000902514526000902523526000902532526000902541526000902550526000902559526000802568526000802576526000802584526000802592526000802600526000802608650006902616700003302685PE-LiUPU20250731184611.0021001s2002 nyua 001 0 eng c a0060508663  bspacPE-LiUPUdPE-LiUPUerda00a974.7223bS47904aThe September 11 photo project /cEditado por Michael Feldschuh aNew York :bReganBooks,c2002. a197 páginas :bilustrado ;c30 centímetros. aContiene index. aFotografías de “El Proyecto Fotográfico del 11 de septiembre” en una galería de la ciudad de SoHo, Nueva York, en respuesta a los ataques terroristas del 11 de septiembre de 2001. Están agrupadas por colaborador, tal como se presentaron en la galería, sin una temática ni orden cronológico específico. Se han presentado juntas las fotografías que iban acompañadas de texto siempre que ha sido posible. Las páginas siguientes reflejan la diversidad de las paredes de la galería. aEl Proyecto Fotográfico del 11 de septiembre es un foro abierto para exhibir fotografías y palabras en respuesta a los ataques terroristas del 11 de septiembre de 2001. Comenzó como un esfuerzo para recopilar material de cualquier persona interesada en participar. El objetivo era permitir que las personas fueran testigos de la expresión y el dolor de los demás, promoviendo así la comprensión de la tragedia a nivel humano y un proceso de curación. Se exhibieron todas las fotografías y palabras enviadas por los participantes, y se dio la bienvenida a todos los que quisieran verlas. El 13 de octubre, la galería abrió en SoHo, Nueva York, a menos de doce cuadras de la Zona Cero, con aproximadamente doscientas fotos en una galería de cuatro mil pies cuadrados. En las semanas y meses siguientes, las paredes se cubrieron con más de cuatro mil fotografías y notas escritas por miembros de la comunidad de la ciudad de Nueva York, Estados Unidos y el mundo. Más de cuarenta mil personas visitaron la exposición para mostrar su trabajo o apreciar las fotografías y las palabras de los demás. Este libro representa el esfuerzo del proyecto por llevar la experiencia de la galería a aquellos que no pueden verla en persona. Las fotografías están agrupadas por colaborador, tal como se presentaron en la galería, sin una temática ni orden cronológico específico. Se han presentado juntas las fotografías que iban acompañadas de texto siempre que ha sido posible. Las páginas siguientes reflejan la diversidad de las paredes de la galería SoHo y la convicción del proyecto de que ninguna presentación es mejor o peor que otra. aP136 aP135 aP134 aP133 aP144 aP143 aP87 aP35 aP20 aP14 aP10 aP06 0aAtaques terroristas del 11 de septiembre de 2001.vFotografías1 aFeldschuh, Michael.eeditor.